| 000 | 00888nam a2200277 a 4500 | ||
|---|---|---|---|
| 001 | 000026372 | ||
| 003 | DO-SdBNP | ||
| 005 | 20180323144509.0 | ||
| 007 | 000026372 | ||
| 008 | 081127s2003 dr a 000 0 spa d | ||
| 020 | _a9945406000 | ||
| 040 |
_aBPMSU _bspa _cBPMSU |
||
| 092 |
_a922.9 _bM425C |
||
| 100 | 1 |
_aCassá, Roberto, _d1948- |
|
| 245 | 1 | 0 |
_aOlivorio Mateo : _bel profeta de la Maguana / _cRoberto Cassá ;ilustraciones Ramiro Manzano. |
| 260 |
_aSanto Domingo : _bTobogán, _c2003 _fEditora Alfa & Omega |
||
| 300 |
_a76 p. : _bil. ; _c21 cm. |
||
| 490 | 0 | _aBiografías dominicanas Tobogán | |
| 600 | 1 | 4 | _aMATEO, OLIVORIO |
| 651 | 4 |
_aREPÚBLICA DOMINICANA _xBIOGRAFÍAS |
|
| 700 | 1 |
_aManzano, Ramiro, _eil. |
|
| 830 | 0 | _aBiografías dominicanas Tobogán | |
| 942 |
_2ddc _cBK |
||
| 945 | _aRemanejado para la BNPHU / VM | ||
| 956 |
_aVMATEO _b10 _c20150712 _lBPMSU _h00151 |
||
| 999 |
_c7569 _d7569 |
||